|
|
|
|
| LEADER |
01912nam a2200445 i 4500 |
| 001 |
EBC4338474 |
| 003 |
MiAaPQ |
| 005 |
20200520144314.0 |
| 006 |
m o d | |
| 007 |
cr cnu|||||||| |
| 008 |
160212t20152015gw a ob 000 0 ger d |
| 020 |
|
|
|z 9783486763782
|
| 020 |
|
|
|a 9783110413915
|q (electronic bk.)
|
| 020 |
|
|
|a 9783110423761
|q (electronic bk.)
|
| 035 |
|
|
|a (MiAaPQ)EBC4338474
|
| 035 |
|
|
|a (Au-PeEL)EBL4338474
|
| 035 |
|
|
|a (CaPaEBR)ebr11146717
|
| 035 |
|
|
|a (CaONFJC)MIL888858
|
| 035 |
|
|
|a (OCoLC)935921677
|
| 040 |
|
|
|a MiAaPQ
|b eng
|e rda
|e pn
|c MiAaPQ
|d MiAaPQ
|
| 050 |
|
4 |
|a HB175
|b .P746 2015
|
| 082 |
0 |
|
|a 339
|2 23
|
| 100 |
1 |
|
|a Premer, Matthias,
|e author.
|
| 245 |
1 |
0 |
|a Grundzuge der Volkswirtschaftslehre :
|b Makrookonomik und Mikrookonomik /
|c Matthias Premer.
|
| 250 |
|
|
|a 2., aktualisierte Auflage.
|
| 264 |
|
1 |
|a Berlin, Germany ;
|a Boston, [Massachusetts] :
|b De Gruyter Oldenbourg,
|c 2015.
|
| 264 |
|
4 |
|c 2015
|
| 300 |
|
|
|a 1 online resource (436 pages) :
|b illustrations
|
| 336 |
|
|
|a text
|2 rdacontent
|
| 337 |
|
|
|a computer
|2 rdamedia
|
| 338 |
|
|
|a online resource
|2 rdacarrier
|
| 504 |
|
|
|a Includes bibliographical references.
|
| 588 |
|
|
|a Description based on online resource; title from PDF title page (ebrary, viewed February 10, 2016).
|
| 590 |
|
|
|a Electronic reproduction. Ann Arbor, MI : ProQuest, 2016. Available via World Wide Web. Access may be limited to ProQuest affiliated libraries.
|
| 650 |
|
0 |
|a Macroeconomics.
|
| 650 |
|
0 |
|a Microeconomics.
|
| 655 |
|
4 |
|a Electronic books.
|
| 776 |
0 |
8 |
|i Print version:
|a Premer, Matthias.
|t Grundzuge der Volkswirtschaftslehre : Makrookonomik und Mikrookonomik0
|b 2., aktualisierte Auflage.
|d Berlin, Germany ; Boston, [Massachusetts] : De Gruyter, c2015
|h xx, 413 pages
|z 9783486763782
|
| 797 |
2 |
|
|a ProQuest (Firm)
|
| 856 |
4 |
0 |
|u https://ebookcentral.proquest.com/lib/matrademy/detail.action?docID=4338474
|z Click to View
|